000 00934cam a2200277 i 4500
001 000018068
003 DO-SdBNP
005 20260413130237.0
007 ta
008 871109s1982 sp a 000 0 spa d
040 _aDO-SdBNP
_bspa
_cBNPHU
_erda
041 _aspa
082 4 _aPR861.44
_bB114f
_222
100 _aBabín, María Teresa,
_d1910-1989
_eautor
_4aut.
_939160
245 1 0 _aFantasía boricua :
_bestampas de mi tierra /
_cMaría Teresa Babín.
264 1 _aSan Juan, Puerto Rico :
_bEditorial Cultural,
_c1982.
300 _a170 páginas :
_bilustraciones ;
_c19 cm.
336 _atexto
_btxt
_2rdacontent
337 _asin mediación
_bnc
_2rdamedia
338 _avolumen
_bnc
_2rdacarrier
650 4 _aPoesía puertorriqueña
_91015
650 4 _aLiteratura puertorriqueña
_9250
651 4 _aPuerto Rico
_xVida social y costumbres
_99074
651 4 _aPuerto Rico
_xDescripciones y viajes
_916125
942 _2ddc
_cLBS1
999 _c17590
_d17590